| 000 | 00807nam a2200241 i 4500 | ||
|---|---|---|---|
| 001 | bg | ||
| 100 | 1 | _aKONARSKA, Maria. | |
| 245 | 1 | 0 |
_aErgonomia pracy biurowej / _cMaria Konarska. |
| 260 |
_aWarszawa : _bCentralny Instytut Ochrony Pracy, _c2001. |
||
| 300 |
_a32 s. : _bil. ; _c24 cm. |
||
| 504 | _aBibliogr. | ||
| 650 | 9 |
_aBiurowość _xbezpieczeństwo i higiena pracy |
|
| 650 | 9 | _aErgonomia | |
| 655 | _aPoradniki | ||
| 020 | _a838870382X | ||
| 040 | _cBPK | ||
| 041 | 0 | _apol | |
| 080 | _a331.101.1:331.45](083.1) | ||
| 920 | _a83-88703-82-X | ||
| 942 | _cKS | ||
| 008 | s pl f |000 0 pol | ||
| 999 |
_c42992 _d42992 |
||
| 856 |
_uhttp://koha.tu.koszalin.pl/cgi-bin/koha/opac-detail.pl?biblionumber=42992 _yKatalog online BPK |
||